| 000 | 02908cam a2200265 i 4500 | ||
|---|---|---|---|
| 999 |
_c14175 _d14175 |
||
| 003 | OSt | ||
| 005 | 20260228121404.0 | ||
| 006 | m |o d | | ||
| 008 | 210722s2021 enk ob 001 0 eng | ||
| 020 |
_z9781350283510 _q(paperback) |
||
| 042 | _apcc | ||
| 082 | 0 | 0 |
_a307.760285 _223 |
| 100 | 1 |
_aDegen, Monica Montserrat, _eauthor. |
|
| 245 | 1 | 4 |
_aThe new urban aesthetic : _bdigital experiences of urban change / _cMónica Montserrat Degen and Gillian Rose. |
| 300 | _a1 online resource. | ||
| 504 | _aIncludes bibliographical references and index. | ||
| 505 | 0 | _aIntroducing the new urban aesthetic -- The new urban aesthetic : a conceptual framework -- The conceived aesthetics of urban redevelopment : the case of Msheireb Downtown, Qatar -- The perceived aesthetics of digital urbanism : feeling digital embodiment in smart Milton Keynes -- The lived aesthetic of urban social media : anticipating the Culture Mile's Future -- The new urban aesthic and its power -- Conclusion : the differentiation and potentialities of the new urban aesthetic. | |
| 520 | _a"Cities are key sites for the reproduction of global capitalism, and urban branding is central to this transformative dynamic. In the 21st century, cities are also being profoundly reconfigured by the deployment of many kinds of digital technologies. Both of these shifts entrain sensory bodily experiences. This digitally mediated reconfiguration of what cities feel like is what this book terms the new urban aesthetic. The book focuses on three examples of urban change in which digital technologies of different kinds were central: a large scale urban redevelopment in Doha, the retrofitting of Milton Keynes to become a smart city, and the cultural regeneration of Smithfield Market into the Culture Mile in London. Each case study focusses on a different kind of digital mediation, including the computer-generated images created to sell new urban developments, smart city phone apps, and Instagram posts about particular urban places. The book identifies three versions of the new urban aesthetic: glamorous, flowing, and dramatic. It shows how each of these organize sensory experiences through particular distributions of temporality and spatiality. As well as exploring the importance of sensory constellations in our digitally mediated cities, the book also offers ways to investigate their fragility and potential for subversion. The New Urban Aesthetic is essential reading for researchers and students in urban studies, architecture, digital studies, sociology, and human geography"-- | ||
| 650 | 0 | _aSmart cities. | |
| 650 | 0 |
_aTechnology _xSocial aspects. |
|
| 650 | 0 | _aCity and town life. | |
| 700 | 1 |
_aRose, Gillian, _d1962- _eauthor. |
|
| 776 | 0 | 8 |
_iPrint version: _aDegen, Monica Montserrat. _tNew urban aesthetic _dLondon ; New York : Bloomsbury Visual Arts, 2021 _z9781350070837 _w(DLC) 2021036129 |
| 942 | _2ddc | ||